[Event "Teteven op 32nd"]
[Site "Teteven"]
[Date "2018.08.19"]
[Round "9"]
[White "Burdarev, Evgeni"]
[Black "Badev, Kiril"]
[Result "0-1"]
[WhiteElo "1940"]
[BlackElo "2170"]
[PlyCount "52"]
[EventDate "2018.08.11"]
[EventType "swiss"]
[EventRounds "9"]
[EventCountry "BUL"]
[SourceTitle "CBM 186 Extra"]
[Source "ChessBase"]
[SourceDate "2018.08.24"]
[SourceVersion "1"]
[SourceVersionDate "2018.08.24"]
[SourceQuality "1"]

1. e4 c5 2. Nf3 Nc6 3. d4 cxd4 4. Nxd4 g6 5. c4 Bg7 6. Be3 Nf6 7. Nc3 d6 8. Be2 0-0 9. f3 Qb6 10. Nc2 Qxb2 11. Qd2 Nb4 12. Nxb4 Qxb4 13. Rb1 Qa5 14. Nb5 Qxd2+ 15. Kxd2 b6 16. Rhc1 Bd7 17. Nc7 Rac8 18. Nd5 Nxd5 19. cxd5 Rxc1 20. Rxc1 Rc8 21. Rxc8+ Bxc8 22. Bd1 Be5 23. Bb3 Bxh2 24. g4 h5 25. gxh5 gxh5 26. a4 Bg3 0-1

[Event "Teteven op 32nd"]
[Site "Teteven"]
[Date "2018.08.17"]
[Round "7"]
[White "Burdarev, Evgeni"]
[Black "Gocheva, Rumiana B"]
[Result "1-0"]
[WhiteElo "1940"]
[BlackElo "2046"]
[PlyCount "69"]
[EventDate "2018.08.11"]
[EventType "swiss"]
[EventRounds "9"]
[EventCountry "BUL"]
[SourceTitle "CBM 186 Extra"]
[Source "ChessBase"]
[SourceDate "2018.08.24"]
[SourceVersion "1"]
[SourceVersionDate "2018.08.24"]
[SourceQuality "1"]

1. e4 c5 2. Nc3 Nc6 3. Nf3 d6 4. Bb5 Bd7 5. 0-0 a6 6. Bxc6 Bxc6 7. d4 cxd4 8. Nxd4 Nf6 9. Re1 e5 10. Nf5 g6 11. Nh6 Nd7 12. Qg4 Qe7 13. Be3 f6 14. Rad1 0-0-0 15. a4 Kb8 16. b4 f5 17. exf5 Bxh6 18. Bxh6 gxf5 19. Qxf5 Rhg8 20. g3 Qh4 21. b5 Qxh6 22. bxc6 bxc6 23. Qf7 Kc7 24. Ne4 Rg7 25. Rxd6 Qxd6 26. Nxd6 Rxf7 27. Nxf7 Re8 28. f4 e4 29. Ng5 h6 30. Rxe4 Rxe4 31. Nxe4 Nb6 32. g4 Nd5 33. g5 Nxf4 34. gxh6 Ng6 35. a5 1-0

[Event "Teteven op 32nd"]
[Site "Teteven"]
[Date "2018.08.16"]
[Round "6"]
[White "Burdarev, Evgeni"]
[Black "Dimitrov, Petko"]
[Result "1/2-1/2"]
[WhiteElo "1940"]
[BlackElo "2151"]
[PlyCount "99"]
[EventDate "2018.08.11"]
[EventType "swiss"]
[EventRounds "9"]
[EventCountry "BUL"]
[SourceTitle "CBM 186 Extra"]
[Source "ChessBase"]
[SourceDate "2018.08.24"]
[SourceVersion "1"]
[SourceVersionDate "2018.08.24"]
[SourceQuality "1"]

1. e4 e5 2. Nf3 Nc6 3. Bb5 d6 4. 0-0 Nf6 5. c3 Bd7 6. d4 Qe7 7. Re1 g6 8. Bg5 Bg7 9. h3 h6 10. Bh4 0-0 11. Na3 Rad8 12. Bd3 g5 13. Bg3 Nh5 14. d5 Nb8 15. Nh2 Nxg3 16. fxg3 f5 17. g4 fxg4 18. hxg4 Rf6 19. Rf1 Rdf8 20. Qe2 Qd8 21. Nc2 Rf4 22. g3 Rxf1+ 23. Rxf1 c6 24. Rxf8+ Bxf8 25. c4 Be8 26. Kg2 a5 27. Qf2 Nd7 28. Ne3 Qb6 29. Nf3 Nc5 30. Bb1 a4 31. Nf5 Qb4 32. Qc2 b5 33. cxb5 cxd5 34. exd5 e4 35. Nd2 Nd3 36. Qc3 Bxb5 37. Qxb4 Nxb4 38. Nxe4 Bc4 39. Ne3 Bxa2 40. Bxa2 Nxa2 41. Nc4 Nb4 42. Nb6 Kf7 43. Nc3 Bg7 44. Ncxa4 Bd4 45. Kf3 Ke7 46. Ke4 Be5 47. Nc3 Bxg3 48. Ne2 Be5 49. Nc4 Bh8 50. Nc1 1/2-1/2

[Event "Teteven op 26th"]
[Site "Teteven"]
[Date "2011.08.21"]
[Round "9"]
[White "Pantev, Tsvetelin"]
[Black "Burdarev, Evgeni"]
[Result "1/2-1/2"]
[WhiteElo "1824"]
[BlackElo "2012"]
[PlyCount "60"]
[EventDate "2011.08.13"]
[EventType "swiss"]
[EventRounds "9"]
[EventCountry "BUL"]
[SourceTitle "CBM 143 Extra"]
[Source "ChessBase"]
[SourceDate "2011.08.29"]
[SourceVersion "1"]
[SourceVersionDate "2011.08.29"]
[SourceQuality "1"]

1. d4 e6 2. Nf3 Nf6 3. g3 b6 4. Bg2 Bb7 5. 0-0 Be7 6. c4 0-0 7. d5 exd5 8. Nh4 g6 9. cxd5 d6 10. Nc3 Nbd7 11. Bh6 Re8 12. Nf3 Ng4 13. Bf4 Bf6 14. Nd4 Nge5 15. Rc1 a6 16. h3 b5 17. b3 Nc5 18. Re1 Bg7 19. b4 Ncd7 20. a4 bxa4 21. Nc6 Bxc6 22. dxc6 Nb6 23. Nxa4 Nxa4 24. Qxa4 Qb8 25. Bd5 Qc8 26. Qb3 Qxh3 27. Bxe5 Rxe5 28. Bxf7+ Kh8 29. Bd5 Rf8 30. Bf3 Rg5 1/2-1/2

[Event "Sofia MGU op 21st"]
[Site "Sofia"]
[Date "2011.01.09"]
[Round "5.2"]
[White "Burdarev, Evgeni"]
[Black "Andreev, Dobrotich"]
[Result "0-1"]
[WhiteElo "2012"]
[BlackElo "2023"]
[PlyCount "99"]
[EventDate "2011.01.08"]
[EventType "swiss"]
[EventRounds "6"]
[EventCountry "BUL"]
[SourceTitle "CBM 140 Extra"]
[Source "ChessBase"]
[SourceDate "2011.03.01"]
[SourceVersion "1"]
[SourceVersionDate "2011.03.01"]
[SourceQuality "1"]

1. e4 c6 2. d4 d5 3. Nc3 dxe4 4. Nxe4 Bf5 5. Ng3 Bg6 6. Nf3 Nd7 7. Bc4 e6 8. 0-0 Ngf6 9. Re1 Be7 10. Bd3 Qc7 11. Ng5 0-0 12. Bxg6 hxg6 13. Qf3 Qa5 14. c3 Nh5 15. Nxh5 Bxg5 16. b4 Qd5 17. Qxd5 cxd5 18. Bxg5 gxh5 19. a4 Rfc8 20. Rec1 Rc4 21. a5 Rac8 22. Bd2 Nf6 23. f3 Ne8 24. Kf2 Nd6 25. Ke2 a6 26. Kd3 g6 27. Re1 R4c6 28. Rac1 Nf5 29. g3 h4 30. g4 Nd6 31. h3 Nb5 32. Rg1 f6 33. g5 f5 34. Rge1 Kf7 35. Re5 Rc4 36. Ree1 R4c6 37. Re5 Nd6 38. Ree1 Nc4 39. Bf4 Nb2+ 40. Kd2 Na4 41. Re3 b6 42. axb6 Nxb6 43. Kd3 Na4 44. Kd2 Nb2 45. Ree1 a5 46. bxa5 Ra6 47. Rb1 Nc4+ 48. Kd3 Nxa5 49. Ra1 Rca8 50. Reb1 0-1

[Event "Sofia MGU op 21st"]
[Site "Sofia"]
[Date "2011.01.09"]
[Round "6.3"]
[White "Hristov, Krasimir Ivanov"]
[Black "Burdarev, Evgeni"]
[Result "1/2-1/2"]
[WhiteElo "1890"]
[BlackElo "2012"]
[PlyCount "46"]
[EventDate "2011.01.08"]
[EventType "swiss"]
[EventRounds "6"]
[EventCountry "BUL"]
[SourceTitle "CBM 140 Extra"]
[Source "ChessBase"]
[SourceDate "2011.03.01"]
[SourceVersion "1"]
[SourceVersionDate "2011.03.01"]
[SourceQuality "1"]

1. d4 Nf6 2. Nf3 d5 3. b3 g6 4. Bb2 Bg7 5. e3 0-0 6. Bd3 Nbd7 7. Nbd2 c5 8. 0-0 Re8 9. c4 e6 10. Rc1 cxd4 11. exd4 b6 12. Ne5 Bb7 13. f4 Rc8 14. Qe2 Nb8 15. Ndf3 Nc6 16. cxd5 Nxd5 17. Bb5 Nxf4 18. Qf2 Qd6 19. Bxc6 Bxc6 20. Ng5 f6 21. Qxf4 fxe5 22. Qf7+ Kh8 23. Qxa7 Qd5 1/2-1/2

[Event "Sofia MGU op 21st"]
[Site "Sofia"]
[Date "2011.01.08"]
[Round "2.1"]
[White "Burdarev, Evgeni"]
[Black "Ninov, Dayan"]
[Result "0-1"]
[WhiteElo "2012"]
[BlackElo "2085"]
[PlyCount "93"]
[EventDate "2011.01.08"]
[EventType "swiss"]
[EventRounds "6"]
[EventCountry "BUL"]
[SourceTitle "CBM 140 Extra"]
[Source "ChessBase"]
[SourceDate "2011.03.01"]
[SourceVersion "1"]
[SourceVersionDate "2011.03.01"]
[SourceQuality "1"]

1. d4 d5 2. c4 c6 3. Nf3 Nf6 4. e3 g6 5. Nc3 Bg7 6. Bd3 0-0 7. 0-0 Be6 8. Ng5 Bf5 9. Bxf5 gxf5 10. c5 Nbd7 11. f4 e6 12. b4 Ne4 13. Ngxe4 dxe4 14. Rb1 b6 15. Ne2 Nf6 16. Nc3 b5 17. h3 Kh8 18. a4 a6 19. a5 Rg8 20. Bd2 Nd7 21. Qh5 Qf6 22. Kh2 Qg6 23. Qxg6 hxg6 24. Rbd1 Bf6 25. Be1 Kg7 26. g3 Rh8 27. Kg2 Be7 28. Rh1 Rh7 29. Bf2 Nf6 30. Rh2 Rah8 31. Rhh1 Bd8 32. Rde1 Bc7 33. Rd1 Kf8 34. Rde1 Rg8 35. h4 Ng4 36. Rd1 Rgh8 37. Rhf1 f6 38. Bg1 Ke7 39. Rfe1 Rh5 40. Ne2 Bb8 41. Rd2 Bc7 42. Rdd1 g5 43. fxg5 fxg5 44. hxg5 Rxg5 45. Nf4 Bxf4 46. exf4 Rgh5 47. Re2 0-1